| 000 | 00765nam a2200193Ia 4500 | ||
|---|---|---|---|
| 003 | GCL | ||
| 008 | 140319s9999 xx 000 0 ara d | ||
| 040 |
_aGCL / _cGCL |
||
| 082 | 0 | 4 |
_a621.39 _bع ت |
| 100 | 1 | _aعبدالحميد بسيونى | |
| 245 | 1 | 0 |
_aترقية وتجميع وصيانة اجهزة الكومبيوتر / _cعبدالحميد بسيونى |
| 260 |
_aالقاهرة : _bدار الكتب العلمية للنشر والتوزيع ، _c2003 |
||
| 300 |
_a424 ص ؛ _c24 سم |
||
| 650 | 0 | 4 | _aالهندسة الالكترونية |
| 650 | 0 | 4 | _aالحاسبات الالكترونية |
| 650 | 0 | 4 | _aالحاسبات الالكترونية - تصميم |
| 650 | 0 | 4 | _aالحاسبات الالكترونية - صيانة |
| 942 |
_2ddc _cBK |
||
| 999 |
_c34777 _d34777 |
||